000 00446nam a2200193Ia 4500
005 20240823033923.0
008 240823s9999||||xx |||||||||||||| ||und||
020 _a81-264-1559-2
041 _aMALAYALAM
082 _A920 Q2
100 _aAbdul Kalam A P J
245 0 _aAjayyamaya Athmachaithanyam
250 _a1st
260 _c2012
_b"D C Books,Kot"
500 _aYES
650 _aMemoirs
_bGeneral
942 _cBK
999 _c196978
_d196978